Sự gây hại của bọ trĩ (Thysanoptera) trên rau màu ở tỉnh Vĩnh Long và đề xuất biện pháp phòng trừ : Luận văn thạc sĩ. Chuyên ngành: bảo vệ thực vật

Tìm hiểu về kỹ thuật canh tác cây dưa hấu (một loại cây thường bị bò trĩ gây hại nặng) trên một số địa bàn điều tra. Xác định mức độ gây hại cảu bọ trĩ trên một số loại rau ở địa bàn tỉnh Vĩnh Long và thành phần loại bò trĩ gây hại....

詳細記述

保存先:
書誌詳細
第一著者: Đặng, Thị Hồng Thắm
フォーマット: 図書
言語:Undetermined
出版事項: Cần Thơ Đại Học Cần Thơ 2013
主題:
タグ: タグ追加
タグなし, このレコードへの初めてのタグを付けませんか!
Thư viện lưu trữ: Trung tâm Học liệu Trường Đại học Cần Thơ
LEADER 01632nam a2200217Ia 4500
001 CTU_184510
008 210402s9999 xx 000 0 und d
082 |a 632.7 
082 |b Th114 
088 |a 60620112 
100 |a Đặng, Thị Hồng Thắm 
245 0 |a Sự gây hại của bọ trĩ (Thysanoptera) trên rau màu ở tỉnh Vĩnh Long và đề xuất biện pháp phòng trừ : 
245 0 |b Luận văn thạc sĩ. Chuyên ngành: bảo vệ thực vật 
245 0 |c Đặng Thị Hồng Thắm ; Nguyễn Thị Thu Cúc hướng dẫn 
260 |a Cần Thơ 
260 |b Đại Học Cần Thơ 
260 |c 2013 
520 |a Tìm hiểu về kỹ thuật canh tác cây dưa hấu (một loại cây thường bị bò trĩ gây hại nặng) trên một số địa bàn điều tra. Xác định mức độ gây hại cảu bọ trĩ trên một số loại rau ở địa bàn tỉnh Vĩnh Long và thành phần loại bò trĩ gây hại. Khảo sát các đặc điểm hình thái, sinh học, sự gây hại và diễn biến mật số của một số loại bò trĩ gây hại chính trên rau màu tại Vĩnh Long. Đánh giá hiệu quả của một số biện pháp phòng trừ bọ trĩ T. palmi trong điều kiện phòng thí nghiệm, nhà lưới. 
650 |a Plant diseases,Bệnh cây trồng 
904 |i Kim, Thị Ngọc Yến 
980 |a Trung tâm Học liệu Trường Đại học Cần Thơ